000 00404nam a2200145Ia 4500
008 220217s9999||||xx |||||||||||||| ||und||
020 _a81-7815-289-3
082 _a001 BRO
100 _aBroenstein, Samuel, C weiner, Mitchel
245 0 _aHow to prepare for the GRE
250 _a13th
260 _aGalgotia publication
_bNew Delhi
_c2000
300 _b176
650 _aEXAM BOOKS/GRE/CAT/GATE
999 _c165688
_d165688